000 00824nam a22002417a 4500
999 _c14932
_d14932
003 AR-CdUCM
008 190425b ||||| |||| 00| 0 spa d
020 _a978-607-618-243-7
040 _aMUNICIPALIDAD PROVINCIAL DEL CUSCO
_cBIBLIOTECA MUNICIPAL DEL CUSCO
082 _aEP / 803 /
_bS55
110 _aAuzou
_933894
245 _aLas mil y una noches :
_bLa historia del Califa Harún al - Rashid y el falso Califa, Hassán el cordelero, Alí, el mercader de Bagdad /
260 _aMéxico :
_bAuzou,
_c2015.
300 _c22 cm.
440 _aSilver dolphin.
_933906
500 _aTexto no cuenta con numeración de página.
650 _aHistoria
_951589
650 _aEntretenimiento
_915681
650 _aInfancia
_95236
700 _aAparicio, Irene
_933907
942 _2ddc
_cLIBROS
945 _arah
_d25/04/2019